[Event "Manila Pichay Cup 3rd"]
[Site "Manila"]
[Date "2007.12.04"]
[Round "6"]
[White "Barbosa, Oliver"]
[Black "Legaspi, Rhobel"]
[Result "1-0"]
[WhiteElo "2413"]
[BlackElo "2334"]
[PlyCount "39"]
[EventDate "2007.12.01"]
[EventType "swiss"]
[EventRounds "9"]
[EventCountry "PHI"]
[SourceTitle "CBM 122 Extra"]
[Source "ChessBase"]
[SourceDate "2008.03.04"]
[SourceVersion "1"]
[SourceVersionDate "2008.03.04"]
[SourceQuality "1"]

1. e4 c5 2. Nf3 e6 3. d4 cxd4 4. Nxd4 Nf6 5. Nc3 d6 6. Be3 Nc6 7. f4 Bd7 8. Ndb5 Qb8 9. a4 Be7 10. Be2 0-0 11. g4 a6 12. Na3 d5 13. e5 Ne4 14. Nxe4 dxe4 15. 0-0 Qc7 16. c3 Na5 17. Kg2 Bxa3 18. Rxa3 h6 19. Qd4 Rfd8 20. Qb6 1-0

[Event "Asia-ch 6th"]
[Site "Cebu"]
[Date "2007.09.24"]
[Round "6"]
[White "Wen, Yang"]
[Black "Legaspi, Rhobel"]
[Result "1-0"]
[WhiteElo "2475"]
[BlackElo "2316"]
[PlyCount "49"]
[EventDate "2007.09.19"]
[EventType "swiss"]
[EventRounds "11"]
[EventCountry "PHI"]
[SourceTitle "CBM 120 Extra"]
[Source "ChessBase"]
[SourceDate "2007.11.01"]
[SourceVersion "1"]
[SourceVersionDate "2007.11.01"]
[SourceQuality "1"]

1. e4 c5 2. Nf3 e6 3. d4 cxd4 4. Nxd4 Nf6 5. Nc3 d6 6. f4 Be7 7. Qf3 0-0 8. Be3 a6 9. g4 Qc7 10. g5 Nfd7 11. 0-0-0 Re8 12. h4 Bf8 13. g6 fxg6 14. h5 gxh5 15. f5 Ne5 16. Qxh5 g6 17. fxg6 Nxg6 18. Bd3 Qg7 19. e5 Nd7 20. Nf3 dxe5 21. Rdg1 Nf6 22. Qh3 e4 23. Nxe4 Nxe4 24. Bxe4 Rd8 25. Ne5 1-0